[Event "OLNW 1920 SK Lehrte - SK Kirchweyhe"]
[Site "?"]
[Date "2019.10.20"]
[Round "2.6"]
[White "Zschischang, Marine"]
[Black "Zelcic, Robert"]
[Result "0-1"]
[WhiteElo "2052"]
[BlackElo "2508"]
[PlyCount "86"]
[EventDate "2019.??.??"]
[EventType "team-tourn"]

1. d4 Nf6 2. Nf3 d5 3. c4 e6 4. Nc3 Bb4 5. Bd2 O-O 6. a3 Bxc3 7. Bxc3 dxc4 8.
e3 b5 9. a4 c6 10. axb5 cxb5 11. b3 Bb7 12. bxc4 bxc4 13. Bb4 Re8 14. Bxc4 Nc6
15. Bd2 Ne4 16. O-O Nxd2 17. Qxd2 a5 18. Bb5 Re7 19. Rfc1 Nb4 20. Rc5 Rc7 21.
Rac1 Rac8 22. Ba4 Bxf3 23. Rxc7 Rxc7 24. Rxc7 Qxc7 25. gxf3 Qc4 26. e4 g6 27.
h4 h5 28. Kg2 Kg7 29. Be8 Kf8 30. Ba4 Qd3 31. Qh6+ Kg8 32. Qg5 Qxd4 33. Qxa5
Nd3 34. Qd2 e5 35. Qa2 Nf4+ 36. Kg3 Qd8 37. Qa1 Qf6 38. Bb5 Ne6 39. Qa8+ Kg7
40. Be2 Qf4+ 41. Kh3 Qd2 42. Bc4 Nf4+ 43. Kg3 Qe1 0-1

[Event "OLNW 1920 SK Lehrte - SK Kirchweyhe"]
[Site "?"]
[Date "2019.10.20"]
[Round "2.7"]
[White "Zaja, Ivan"]
[Black "Zschischang, Gunnar"]
[Result "1-0"]
[WhiteElo "2461"]
[BlackElo "2103"]
[PlyCount "87"]
[EventDate "2019.??.??"]
[EventType "team-tourn"]

1. d4 d5 2. c4 e6 3. Nc3 Nf6 4. cxd5 exd5 5. Bg5 Be7 6. e3 O-O 7. Bd3 Nbd7 8.
Nge2 c6 9. Qc2 Re8 10. f3 Nf8 11. O-O g6 12. Bh4 Ne6 13. Rad1 b5 14. Kh1 Bb7
15. Bf2 Rc8 16. Qd2 a6 17. Bc2 c5 18. dxc5 Bxc5 19. Bb3 Qb6 20. Nd4 Nxd4 21.
exd4 Bb4 22. Bh4 Bxc3 23. bxc3 Nh5 24. g4 Ng7 25. Rfe1 f6 26. Bg3 Qc6 27. Rxe8+
Rxe8 28. Kg2 Re6 29. Bc2 Qc8 30. Bb3 Qe8 31. Kf2 Kf7 32. Bc2 Qc8 33. Bb3 Qe8
34. Rb1 Qd7 35. Bc2 Bc6 36. h4 Re8 37. Bd3 f5 38. h5 fxg4 39. hxg6+ hxg6 40.
Qg5 Qe6 41. Be5 gxf3 42. Rh1 Rg8 43. Rh7 Kf8 44. Bxg6 1-0

[Event "OLNW 1920 SK Lehrte - SK Kirchweyhe"]
[Site "?"]
[Date "2019.10.20"]
[Round "2.8"]
[White "Kohlmann, Arndt"]
[Black "Genov, Petar"]
[Result "0-1"]
[WhiteElo "2034"]
[BlackElo "2433"]
[PlyCount "76"]
[EventDate "2019.??.??"]
[EventType "team-tourn"]

1. e4 c5 2. Nf3 d6 3. d4 cxd4 4. Nxd4 Nf6 5. Nc3 a6 6. g3 Bg4 7. f3 Bd7 8. Be3
Nc6 9. Qd2 e6 10. O-O-O b5 11. g4 h6 12. Nxc6 Bxc6 13. Bg2 Rc8 14. Kb1 Qc7 15.
Rhe1 Be7 16. h4 Nd7 17. g5 hxg5 18. hxg5 g6 19. f4 Bb7 20. Rh1 Rxh1 21. Rxh1
Nb6 22. Rh8+ Kd7 23. Rxc8 Kxc8 24. Qd4 Nc4 25. Bc1 e5 26. fxe5 dxe5 27. Qf2 Bc5
28. Qe2 Kb8 29. a4 Bd4 30. Nd5 Qd7 31. c3 Bc5 32. b3 Nd6 33. axb5 axb5 34. Kc2
Bxd5 35. exd5 Qf5+ 36. Kb2 e4 37. c4 e3 38. Kc3 Qxg5 {(Zü.)} 0-1

[Event "OLNW 1920 SK Nordhorn Blanke - Delmenho"]
[Site "?"]
[Date "2019.10.20"]
[Round "2.2"]
[White "Stotyn, Fabian"]
[Black "Hedke, Fred"]
[Result "1-0"]
[WhiteElo "2244"]
[BlackElo "2225"]
[PlyCount "89"]
[EventDate "2019.??.??"]
[EventType "team-tourn"]

1. Nf3 d5 2. c4 e6 3. g3 Nf6 4. Bg2 Be7 5. O-O O-O 6. d4 b6 7. Nc3 Bb7 8. Bf4
a6 9. cxd5 exd5 10. Ne5 Ra7 11. Qb3 c6 12. Rac1 b5 13. Rfd1 Nbd7 14. Nxd7 Nxd7
15. e4 Nb6 16. exd5 cxd5 17. Nxb5 axb5 18. Bc7 Qa8 19. Bxb6 Rxa2 20. Qxb5 Bg5
21. Rc5 Ra1 22. Qf1 Rxd1 23. Qxd1 Qa2 24. Rc7 Bc8 25. Bc5 Re8 26. Ba3 h6 27.
Bf1 Bf5 28. h4 Bf6 29. Rc1 Rb8 30. Be2 Be4 31. f3 Bf5 32. Kg2 g6 33. Ra1 Qb3
34. Qxb3 Rxb3 35. Rd1 h5 36. Rd2 Bd8 37. Bd1 Rb5 38. Bc5 Rb7 39. b4 Bd7 40. Ra2
Bf6 41. Bb3 Be6 42. Ba4 Bxd4 43. Bxd4 Rxb4 44. Bf6 Rb8 45. Bc6 1-0

[Event "OLNW 1920 SK Nordhorn Blanke - Delmenho"]
[Site "?"]
[Date "2019.10.20"]
[Round "2.3"]
[White "Pahl, Erik"]
[Black "Oehne, Timo"]
[Result "1/2-1/2"]
[WhiteElo "2081"]
[BlackElo "2097"]
[PlyCount "60"]
[EventDate "2019.??.??"]
[EventType "team-tourn"]

1. e4 c5 2. Nf3 Nc6 3. d4 cxd4 4. Nxd4 e5 5. Nb5 d6 6. N1c3 a6 7. Na3 b5 8. Nd5
Nge7 9. c4 Nd4 10. Be3 Nxd5 11. cxd5 Be7 12. Qd2 O-O 13. Bd3 f5 14. exf5 Nxf5
15. Nc2 Nxe3 16. Nxe3 Bg5 17. O-O Bd7 18. Be4 Qb6 19. Qd3 h6 20. Rae1 Rac8 21.
g3 Bh3 22. Bg2 Bxg2 23. Nxg2 Rc4 24. h4 Bf6 25. Re4 Rfc8 26. Ne3 Rc1 27. Rg4
Rxf1+ 28. Kxf1 Qa5 29. Rg6 Rc1+ 30. Kg2 Qe1 {(=)} 1/2-1/2

[Event "OLNW 1920 SK Nordhorn Blanke - Delmenho"]
[Site "?"]
[Date "2019.10.20"]
[Round "2.4"]
[White "Baisakow, Alexander"]
[Black "Margraf, Daniel"]
[Result "0-1"]
[WhiteElo "2207"]
[BlackElo "2247"]
[PlyCount "106"]
[EventDate "2019.??.??"]
[EventType "team-tourn"]

1. e4 e5 2. Bc4 Nf6 3. d3 c6 4. Bb3 Be7 5. f4 exf4 6. Bxf4 d5 7. e5 Bg4 8. Nf3
Nfd7 9. O-O O-O 10. Qe1 Na6 11. d4 Nc7 12. c3 Ne6 13. Qg3 Bf5 14. Nbd2 Bg6 15.
Rae1 a5 16. h4 Qb6 17. Rf2 a4 18. Bd1 Nxf4 19. Qxf4 c5 20. Qg4 Qe6 21. Qxe6
fxe6 22. Ng5 Rxf2 23. Kxf2 Bxg5 24. hxg5 a3 25. b4 cxd4 26. cxd4 Rc8 27. Re3
Rc1 28. Bg4 Kf7 29. Rxa3 Rc2 30. Ke2 Nb6 31. Ra7 Nc4 32. Rxb7+ Ke8 33. Bxe6
Rxd2+ 34. Ke1 Rxd4 35. a4 Re4+ 36. Kf2 Rxe5 37. Bd7+ Kd8 38. Bc6 Rf5+ 39. Ke2
Rxg5 40. a5 Rxg2+ 41. Ke1 Bd3 42. Rd7+ Kc8 43. Re7 Nd6 44. Bxd5 Rg5 45. Be6+
Kb8 46. Kd2 Bb5 47. Kc3 h5 48. Kd4 h4 49. Bh3 Nf5+ 50. Bxf5 Rxf5 51. Rxg7 Rh5
52. Rg2 h3 53. Rh2 Bf1 0-1

[Event "OLNW 1920 SK Nordhorn Blanke - Delmenho"]
[Site "?"]
[Date "2019.10.20"]
[Round "2.5"]
[White "Pahl, Theis"]
[Black "Plasman, Hans"]
[Result "0-1"]
[WhiteElo "2022"]
[BlackElo "2061"]
[PlyCount "98"]
[EventDate "2019.??.??"]
[EventType "team-tourn"]

1. e4 c5 2. Nf3 Nc6 3. d4 cxd4 4. Nxd4 e5 5. Nb5 d6 6. N1c3 a6 7. Na3 Be7 8.
Nc4 b5 9. Ne3 Nf6 10. Bd3 Be6 11. O-O O-O 12. a4 b4 13. Ncd5 g6 14. Bd2 a5 15.
f3 Nh5 16. Bc4 Bg5 17. Kh1 Kh8 18. Qe1 Ng7 19. c3 bxc3 20. Bxc3 Qb8 21. h4 Bd8
22. g3 Ra7 23. Nc2 Rb7 24. Na3 Nb4 25. Qd2 Nh5 26. Kh2 Nxd5 27. exd5 Bd7 28.
Nb5 f5 29. Rfe1 Bf6 30. Bxa5 f4 31. g4 Bxh4 32. gxh5 Rf5 33. Rh1 Rxh5 34. Kg1
Qc8 35. Rc1 Rg5+ 36. Kf1 Bh3+ 37. Ke2 Rg2+ 38. Kd1 Rxd2+ 39. Bxd2 Qd7 40. Nxd6
Rxb2 41. Nb5 Bf6 42. Rg1 Bf5 43. Rf1 h5 44. d6 h4 45. Bd5 Bd3 46. Rc7 Qh3 47.
Re1 Qg2 48. Bxf4 Bc2+ 49. Kc1 Rb1# 0-1

[Event "OLNW 1920 SK Nordhorn Blanke - Delmenho"]
[Site "?"]
[Date "2019.10.20"]
[Round "2.6"]
[White "Hoellmann, Ludger"]
[Black "Thimm, Torsten"]
[Result "0-1"]
[WhiteElo "2078"]
[BlackElo "2033"]
[PlyCount "67"]
[EventDate "2019.??.??"]
[EventType "team-tourn"]

1. d4 d5 2. c4 c6 3. Nf3 Nf6 4. Nc3 e6 5. Bg5 Nbd7 6. cxd5 exd5 7. Qc2 Be7 8.
e3 O-O 9. Bd3 Re8 10. h3 Nf8 11. O-O Be6 12. Rab1 Qc8 13. Ne5 N6d7 14. Nxd7
Qxd7 15. Bxe7 Qxe7 16. b4 Rad8 17. Ne2 Rd6 18. b5 Bd7 19. bxc6 bxc6 20. Rb7 Qg5
21. Nf4 Rh6 22. Kh1 Rh4 23. Rxa7 Qh6 24. Bf5 g5 25. Ne2 Be6 26. Ng1 g4 27. Re1
Rh5 28. Bxe6 Rxe6 29. f4 gxf3 30. Nxf3 Ng6 31. Qf2 Rf6 32. Qg3 Kg7 33. Ra8 Rhf5
34. Qxg6+ 0-1

[Event "OLNW 1920 SK Nordhorn Blanke - Delmenho"]
[Site "?"]
[Date "2019.10.20"]
[Round "2.7"]
[White "Sturm, Tobias"]
[Black "Bierenbroodspot, Paul"]
[Result "0-1"]
[WhiteElo "2032"]
[BlackElo "2111"]
[PlyCount "54"]
[EventDate "2019.??.??"]
[EventType "team-tourn"]

1. e4 d5 2. exd5 Nf6 3. d4 Bg4 4. f3 Bf5 5. Bb5+ Nbd7 6. Nc3 a6 7. Ba4 b5 8.
Bb3 Nb6 9. Nge2 Nfxd5 10. Ne4 e6 11. Bg5 f6 12. Bh4 Ne3 13. Qd3 Nxg2+ 14. Kf2
Nxh4 15. N2g3 Qd7 16. Rhe1 O-O-O 17. c3 Bh3 18. a4 e5 19. axb5 axb5 20. Ra7 Qc6
21. Ne2 Be7 22. Kg3 Bd7 23. Nc5 Bxc5 24. dxc5 Nf5+ 25. Qxf5 Bxf5 26. cxb6 Qxb6
27. Rea1 Qe3 0-1

[Event "OLNW 1920 SK Nordhorn Blanke - Delmenho"]
[Site "?"]
[Date "2019.10.20"]
[Round "2.8"]
[White "Scheffner, Jarno"]
[Black "Sinnhoefer, Jonas"]
[Result "1-0"]
[WhiteElo "1936"]
[BlackElo "1863"]
[PlyCount "67"]
[EventDate "2019.??.??"]
[EventType "team-tourn"]

1. e4 e5 2. Nf3 Nc6 3. Bb5 Nf6 4. d3 Bc5 5. c3 d6 6. O-O O-O 7. Re1 a6 8. Ba4
Bg4 9. Nbd2 d5 10. Bxc6 bxc6 11. Qa4 dxe4 12. Nxe5 Re8 13. d4 Bd6 14. Nxe4 Bxe5
15. dxe5 Rxe5 16. Bg5 Qe7 17. Bxf6 gxf6 18. Qxc6 Re8 19. Qxe8+ Qxe8 20. Nxf6+
Kf8 21. Nxe8 Rxe8 22. Rxe8+ Kxe8 23. f3 Bf5 24. Kf2 Kd7 25. h3 Kd6 26. Rd1+ Ke5
27. Ke3 Be6 28. Rd4 Bc8 29. Ra4 Kd6 30. Rh4 Be6 31. a3 c5 32. Rxh7 f5 33. Rh6
Ke5 34. Rxe6+ 1-0

[Event "OLNW 1920 SF Hamelner SV"]
[Site "Hannover"]
[Date "2019.10.20"]
[Round "2.1"]
[White "Bode, Wilfried"]
[Black "Ackermann, Dennie"]
[Result "1/2-1/2"]
[WhiteElo "2343"]
[BlackElo "2133"]
[PlyCount "47"]
[EventDate "2019.??.??"]
[EventType "team-tourn"]
[EventCountry "GER"]

1. Nf3 d5 2. d4 Nf6 3. c4 e6 4. Nc3 Bb4 5. cxd5 Nxd5 6. Bd2 c5 7. Nxd5 Qxd5 8.
Bxb4 cxb4 9. e3 O-O 10. Be2 Nc6 11. O-O b6 12. Nd2 Bb7 13. Bf3 Qd7 14. Rc1 Rfd8
15. Kh1 e5 16. Qa4 Rac8 17. d5 Ne7 18. Qxd7 Rxd7 19. e4 Ba6 20. Rfd1 g6 21. g3
Rxc1 22. Rxc1 f5 23. Re1 fxe4 24. Nxe4 1/2-1/2

[Event "OLNW 1920 SF Hamelner SV"]
[Site "Hannover"]
[Date "2019.10.20"]
[Round "2.2"]
[White "Kaimer, Thomas"]
[Black "Tonndorf, Matthias"]
[Result "1-0"]
[WhiteElo "2142"]
[BlackElo "2171"]
[PlyCount "111"]
[EventDate "2019.??.??"]
[EventType "team-tourn"]
[EventCountry "GER"]

1. e4 c5 2. Nf3 e6 3. d4 cxd4 4. Nxd4 a6 5. g3 Bc5 6. Nb3 Ba7 7. Bg2 Nc6 8. O-O
Nge7 9. Nc3 O-O 10. Bf4 e5 11. Bg5 f6 12. Bd2 d6 13. Nd5 Nxd5 14. exd5 Nd4 15.
Nxd4 Bxd4 16. c3 Bc5 17. a4 Bf5 18. Be3 Rc8 19. Bxc5 Rxc5 20. Re1 Qd7 21. Re3
Bg4 22. Qf1 f5 23. f4 e4 24. c4 Rfc8 25. b3 b5 26. axb5 axb5 27. h3 Bh5 28. g4
fxg4 29. Rxe4 Bg6 30. Rd4 gxh3 31. Bxh3 Bf5 32. Bg2 Qb7 33. Be4 Bxe4 34. Rxe4
bxc4 35. bxc4 Rf8 36. Rae1 Qc8 37. R1e3 Qg4+ 38. Qg2 Qxg2+ 39. Kxg2 h6 40. Rg3
Rf7 41. Rg6 Rd7 42. Kg3 Kh7 43. Rge6 Rcc7 44. Kg4 Kg8 45. Kh5 Kf7 46. f5 Rc5
47. f6 gxf6 48. Rf4 Rdc7 49. Rexf6+ Kg8 50. Kxh6 Rc8 51. Rg6+ Kh8 52. Rf7 R5c7
53. Rxc7 Rxc7 54. Rxd6 Kg8 55. Kg6 Kf8 56. Kf6 1-0

[Event "OLNW 1920 SF Hamelner SV"]
[Site "Hannover"]
[Date "2019.10.20"]
[Round "2.4"]
[White "Edel, Thomas"]
[Black "Van Son, Lutz"]
[Result "1/2-1/2"]
[WhiteElo "2070"]
[BlackElo "2144"]
[PlyCount "48"]
[EventDate "2019.??.??"]
[EventType "team-tourn"]
[EventCountry "GER"]

1. d4 d5 2. Nf3 Nf6 3. g3 c6 4. Bg2 Bg4 5. c4 e6 6. Nc3 Nbd7 7. Qb3 Qb6 8. c5
Qxb3 9. axb3 Be7 10. b4 O-O 11. Bf4 Bxf3 12. Bxf3 a6 13. g4 Rac8 14. g5 Ne8 15.
Bg4 Nc7 16. h4 Rfe8 17. Kd2 Nb5 18. e3 Bf8 19. f3 Rcd8 20. Rh2 Ra8 21. h5 Kh8
22. g6 f5 23. Bh3 h6 24. Bf1 Be7 1/2-1/2

[Event "OLNW 1920 SF Hamelner SV"]
[Site "Hannover"]
[Date "2019.10.20"]
[Round "2.5"]
[White "Schmidt, Dennis"]
[Black "Herrmann, Andreas"]
[Result "0-1"]
[WhiteElo "2058"]
[BlackElo "2110"]
[PlyCount "78"]
[EventDate "2019.??.??"]
[EventType "team-tourn"]
[EventCountry "GER"]

1. e4 c5 2. Nf3 d6 3. Bb5+ Bd7 4. Bxd7+ Nxd7 5. O-O e5 6. c3 Ngf6 7. Re1 b5 8.
d4 Be7 9. Nbd2 O-O 10. Nf1 Re8 11. Ng3 g6 12. h4 Rb8 13. a3 Bf8 14. h5 Qc7 15.
hxg6 hxg6 16. Bg5 Bg7 17. d5 c4 18. Nh2 Nc5 19. Ng4 Nxg4 20. Qxg4 Qd7 21. Qh4
Nd3 22. Re2 Rb7 23. Kh2 Rf8 24. Rh1 f6 25. Bh6 Bxh6 26. Qxh6 Qh7 27. Qxh7+
Rxh7+ 28. Kg1 Rhf7 29. f3 a5 30. Rh4 Rb8 31. Nf1 b4 32. axb4 axb4 33. g3 bxc3
34. bxc3 Rb1 35. Reh2 Kf8 36. Rh8+ Ke7 37. Rc8 f5 38. Rc7+ Kf6 39. exf5 Rxc7
0-1

[Event "OLNW 1920 SF Hamelner SV"]
[Site "Hannover"]
[Date "2019.10.20"]
[Round "2.6"]
[White "Ploog, Martin"]
[Black "Koch, Yannick"]
[Result "0-1"]
[WhiteElo "2068"]
[BlackElo "2109"]
[PlyCount "114"]
[EventDate "2019.??.??"]
[EventType "team-tourn"]
[EventCountry "GER"]

1. e4 c5 2. Nf3 e6 3. c3 d5 4. exd5 Qxd5 5. d4 Nc6 6. Na3 Nf6 7. Be3 cxd4 8.
Nb5 Qd8 9. Nbxd4 Bd7 10. Nxc6 bxc6 11. Bc4 Nd5 12. O-O Bd6 13. Bxd5 cxd5 14. c4
Bc6 15. Nd4 Bb7 16. c5 Bc7 17. Qg4 O-O 18. Rae1 Bc8 19. Qf3 Ba6 20. Ne2 e5 21.
Bd2 d4 22. Qa3 Bc4 23. Qa4 Qd5 24. b3 Bd3 25. f3 Rfd8 26. b4 a5 27. b5 Qxc5 28.
Rc1 Qxb5 29. Qxb5 Bxb5 30. Rxc7 Bxe2 31. Re1 d3 32. Rc5 f6 33. Kf2 Rdb8 34. a4
Rb2 35. Ke3 Ra2 36. Rb1 Ra7 37. Rc4 f5 38. g3 Kf7 39. Rb5 Re7 40. Bxa5 f4+ 41.
gxf4 exf4+ 42. Kxf4 g6 43. Re5 d2 44. Rxe7+ Kxe7 45. Bb4+ Ke8 46. Re4+ Kf7 47.
Bxd2 Rxd2 48. Ke3 Ra2 49. Rd4 h5 50. f4 Bg4 51. Rb4 Rxh2 52. Rb7+ Kf6 53. Rb6+
Be6 54. a5 Ra2 55. a6 h4 56. Kf3 h3 57. Kg3 h2 0-1

[Event "OLNW 1920 SF Hamelner SV"]
[Site "Hannover"]
[Date "2019.10.20"]
[Round "2.7"]
[White "David, Adrian"]
[Black "Simon, Ralf-Axel"]
[Result "1-0"]
[WhiteElo "2211"]
[BlackElo "2147"]
[PlyCount "100"]
[EventDate "2019.??.??"]
[EventType "team-tourn"]
[EventCountry "GER"]

1. d4 Nf6 2. Bf4 c5 3. e3 Qb6 4. Nc3 e6 5. Rb1 d5 6. Nf3 Bd7 7. Be2 Be7 8. O-O
O-O 9. h3 Rc8 10. a3 a6 11. Na2 Bb5 12. Nc1 Bxe2 13. Nxe2 cxd4 14. exd4 Nc6 15.
Ne5 Nxe5 16. Bxe5 Rc6 17. Qd3 Rac8 18. c3 Qd8 19. Rfe1 Nd7 20. Bg3 Nb6 21. Nf4
Nc4 22. Qe2 b5 23. Nd3 a5 24. Ra1 Qb6 25. b4 Nd6 26. Bxd6 Bxd6 27. Nc5 Qd8 28.
Qxb5 axb4 29. cxb4 Qf6 30. Qd3 R6c7 31. a4 Ra7 32. a5 Qd8 33. a6 Qb6 34. Reb1
Rb8 35. Qe2 Rba8 36. g3 g6 37. h4 h5 38. Qd3 Kg7 39. b5 Rb8 40. Nb7 Bc7 41. Rc1
Rbxb7 42. axb7 Qxb7 43. Ra6 Bb6 44. Rca1 Rxa6 45. bxa6 Qa7 46. Ra4 e5 47. dxe5
Bxf2+ 48. Kg2 Be1 49. Qd4 Qc7 50. Ra2 Bc3 1-0

[Event "OLNW 1920 SF Hamelner SV"]
[Site "Hannover"]
[Date "2019.10.20"]
[Round "2.8"]
[White "Polnau, Manuel"]
[Black "Jacobi, Felix-Hagen"]
[Result "1/2-1/2"]
[WhiteElo "2023"]
[BlackElo "2082"]
[PlyCount "71"]
[EventDate "2019.??.??"]
[EventType "team-tourn"]
[EventCountry "GER"]

1. e4 e6 2. d4 d5 3. Nd2 Nf6 4. e5 Nfd7 5. Bd3 c5 6. c3 b6 7. Ne2 a5 8. O-O Ba6
9. Bxa6 Rxa6 10. f4 g6 11. Nf3 b5 12. dxc5 Bxc5+ 13. Ned4 Nc6 14. Be3 Qb6 15.
Bf2 O-O 16. Qd3 Rb8 17. g4 Qb7 18. Rae1 b4 19. f5 bxc3 20. fxe6 fxe6 21. bxc3
Nxd4 22. Bxd4 Rb6 23. Ng5 Bxd4+ 24. cxd4 Rf8 25. Qh3 Rxf1+ 26. Rxf1 Nf8 27. Qf3
Qe7 28. Nf7 Kg7 29. Nd6 Rb8 30. Qc3 Kg8 31. Qxa5 Qg5 32. Qc7 Qxg4+ 33. Kh1 Qe2
34. Qf7+ Kh8 35. Qf6+ Kg8 36. Qf7+ 1/2-1/2

[Event "OLNW 1920 MTV SV Hellern"]
[Site "Tostedt"]
[Date "2019.10.20"]
[Round "2.1"]
[White "Lingnau, Carsten"]
[Black "Bokros, Albert"]
[Result "1/2-1/2"]
[WhiteElo "2418"]
[BlackElo "2471"]
[PlyCount "24"]
[EventDate "2019.??.??"]
[EventType "team-tourn"]
[EventCountry "GER"]

1. Nf3 Nf6 2. c4 e6 3. g3 d5 4. d4 Be7 5. Bg2 O-O 6. O-O dxc4 7. Qc2 a6 8. a4
Bd7 9. Qxc4 Bc6 10. Bg5 Bd5 11. Qc2 Be4 12. Qc1 h6 1/2-1/2

[Event "OLNW 1920 MTV SV Hellern"]
[Site "Tostedt"]
[Date "2019.10.20"]
[Round "2.2"]
[White "Varga, Zoltan"]
[Black "Gronde, Ingo"]
[Result "1/2-1/2"]
[WhiteElo "2435"]
[BlackElo "2228"]
[PlyCount "46"]
[EventDate "2019.??.??"]
[EventType "team-tourn"]
[EventCountry "GER"]

1. c4 Nf6 2. Nc3 g6 3. e4 d6 4. d4 Bg7 5. f3 O-O 6. Be3 c5 7. dxc5 dxc5 8. Qxd8
Rxd8 9. Bxc5 Nc6 10. Nd5 Nd7 11. Nxe7+ Nxe7 12. Bxe7 Bxb2 13. Rb1 Bc3+ 14. Kd1
Re8 15. Ba3 Ne5 16. Ne2 Rd8+ 17. Kc2 Ba5 18. Nc3 Bxc3 19. Kxc3 Be6 20. Rb5 Nc6
21. Bd3 Rac8 22. f4 b6 23. f5 Nd4 1/2-1/2

[Event "OLNW 1920 MTV SV Hellern"]
[Site "Tostedt"]
[Date "2019.10.20"]
[Round "2.3"]
[White "Stock, Joerg"]
[Black "Izsak, Gyula"]
[Result "0-1"]
[WhiteElo "2208"]
[BlackElo "2422"]
[PlyCount "60"]
[EventDate "2019.??.??"]
[EventType "team-tourn"]
[EventCountry "GER"]

1. e4 c5 2. Nf3 e6 3. d4 cxd4 4. Nxd4 a6 5. Bd3 Nf6 6. O-O Qc7 7. Qe2 d6 8. c4
Nc6 9. Nxc6 bxc6 10. Nc3 Nd7 11. b3 Be7 12. Bb2 e5 13. Na4 Nb6 14. Nc3 O-O 15.
f4 exf4 16. Rxf4 Nd7 17. e5 Nxe5 18. Bc2 g6 19. Ne4 f5 20. Ng3 Bg5 21. Rff1 c5
22. Rae1 Bf6 23. Bc1 Nf7 24. Kh1 Be5 25. Qd3 Bb7 26. h4 Qd8 27. Rf3 Qxh4+ 28.
Kg1 Bc6 29. Ref1 Bxf3 30. Rxf3 Bd4+ 0-1

[Event "OLNW 1920 MTV SV Hellern"]
[Site "Tostedt"]
[Date "2019.10.20"]
[Round "2.4"]
[White "Szeberenyi, Adam"]
[Black "Lewin, Tammo"]
[Result "1-0"]
[WhiteElo "2387"]
[BlackElo "2067"]
[PlyCount "73"]
[EventDate "2019.??.??"]
[EventType "team-tourn"]
[EventCountry "GER"]

1. d4 Nf6 2. Nf3 e6 3. c4 Bb4+ 4. Bd2 Qe7 5. g3 Nc6 6. Nc3 Bxc3 7. Bxc3 Ne4 8.
Rc1 O-O 9. Bg2 d6 10. d5 Nxc3 11. Rxc3 Nb8 12. dxe6 fxe6 13. O-O Nd7 14. Nd4
Nf6 15. Qb3 c6 16. Qa3 e5 17. Nc2 Bg4 18. e4 a5 19. Ne3 Be6 20. Rd1 c5 21. Qb3
Ng4 22. Nf5 Bxf5 23. exf5 Rxf5 24. Qxb7 Qxb7 25. Bxb7 Rb8 26. Rb3 Kf8 27. Be4
Rxb3 28. Bxf5 Nxf2 29. Rf1 Rxb2 30. Rxf2 Rxf2 31. Kxf2 Ke7 32. Ke3 h5 33. h4
Kf6 34. Ke4 g5 35. Bd7 Ke7 36. Bc6 gxh4 37. gxh4 1-0

[Event "OLNW 1920 MTV SV Hellern"]
[Site "Tostedt"]
[Date "2019.10.20"]
[Round "2.5"]
[White "Andre, Wolfgang"]
[Black "Nedic, Dusan"]
[Result "1-0"]
[WhiteElo "2173"]
[BlackElo "2308"]
[PlyCount "121"]
[EventDate "2019.??.??"]
[EventType "team-tourn"]
[EventCountry "GER"]

1. e4 c5 2. Nf3 d6 3. Nc3 Nf6 4. e5 dxe5 5. Nxe5 e6 6. Be2 Nbd7 7. Nc4 Be7 8.
d3 O-O 9. Bf3 Nb6 10. O-O Nbd5 11. Re1 Nxc3 12. bxc3 Nd5 13. Bd2 Bf6 14. Ne5
Qc7 15. Qe2 Bd7 16. Rab1 Bc6 17. c4 Ne7 18. Ng4 Bh4 19. g3 Nf5 20. Bc3 Be7 21.
Ne5 Bxf3 22. Nxf3 Rad8 23. Qe4 b6 24. a4 a5 25. Rb3 Bd6 26. Kg2 Qd7 27. Rxb6
Qxa4 28. Rb3 Bc7 29. Ra1 Qd7 30. Bxa5 Ra8 31. Bc3 Rxa1 32. Bxa1 f6 33. Bc3 Re8
34. Nd2 h5 35. Qf3 h4 36. Ne4 Be5 37. Rb7 Qxb7 38. Nxf6+ gxf6 39. Qxb7 Bxc3 40.
Qc6 Kf7 41. Qxc5 Be5 42. Qa7+ Re7 43. Qa3 Rd7 44. c5 Ne7 45. Qa4 Rd4 46. Qb5
Rd8 47. Qa4 Rh8 48. d4 h3+ 49. Kf3 Bb8 50. Qd7 f5 51. c4 Rc8 52. d5 Rxc5 53.
Qxe6+ Kf8 54. Qf6+ Ke8 55. Qh8+ Kf7 56. Qxb8 Rxc4 57. Qb3 Ng6 58. Qb7+ Kf6 59.
Qb6+ Kg5 60. Qd8+ Kh5 61. Qf6 1-0

[Event "OLNW 1920 MTV SV Hellern"]
[Site "Tostedt"]
[Date "2019.10.20"]
[Round "2.6"]
[White "Feist, Mathias"]
[Black "Bade, Hans-Juergen"]
[Result "1/2-1/2"]
[WhiteElo "2107"]
[BlackElo "1991"]
[PlyCount "47"]
[EventDate "2019.??.??"]
[EventType "team-tourn"]
[EventCountry "GER"]

1. d4 e6 2. c4 Nf6 3. Nf3 b6 4. g3 Bb7 5. Bg2 Be7 6. O-O O-O 7. Nc3 Ne4 8. d5
Nxc3 9. bxc3 Bf6 10. Nd4 e5 11. Nf5 d6 12. e4 g6 13. Ne3 Nd7 14. Qc2 h5 15. Bh3
Bc8 16. f4 Nc5 17. f5 Bg5 18. Ng2 Bd7 19. Qe2 Bxc1 20. Raxc1 Qg5 21. Rcd1 a5
22. Nh4 Qh6 23. Bg2 g5 24. Qe3 1/2-1/2

[Event "OLNW 1920 MTV SV Hellern"]
[Site "Tostedt"]
[Date "2019.10.20"]
[Round "2.7"]
[White "Ernst, Franz"]
[Black "Wokittel, Ulf"]
[Result "1-0"]
[WhiteElo "1964"]
[BlackElo "2126"]
[PlyCount "70"]
[EventDate "2019.??.??"]
[EventType "team-tourn"]
[EventCountry "GER"]

1. e4 e6 2. d4 d5 3. Be3 Nf6 4. e5 Nfd7 5. f4 c5 6. c3 g6 7. Nf3 b6 8. Na3 Ba6
9. Bxa6 Nxa6 10. O-O Nc7 11. Qe2 c4 12. Nc2 h5 13. Kh1 Be7 14. Rg1 b5 15. g4
hxg4 16. Rxg4 Nb6 17. Rag1 Kd7 18. R4g2 Ne8 19. f5 gxf5 20. Rg8 Rh7 21. Bg5 Kc6
22. b3 Qd7 23. bxc4 Nxc4 24. a4 a6 25. Ra1 Kb7 26. axb5 axb5 27. Rxa8 Kxa8 28.
Bxe7 Qxe7 29. Nb4 Kb7 30. Qa2 Nc7 31. Rb8+ Kxb8 32. Nc6+ Kc8 33. Nxe7+ Kd7 34.
Qa7 Rh8 35. Qc5 Rh6 1-0

[Event "OLNW 1920 MTV SV Hellern"]
[Site "Tostedt"]
[Date "2019.10.20"]
[Round "2.8"]
[White "Paufler, Patrick"]
[Black "Meyjohann, Patrick"]
[Result "1/2-1/2"]
[WhiteElo "1701"]
[BlackElo "1871"]
[PlyCount "114"]
[EventDate "2019.??.??"]
[EventType "team-tourn"]
[EventCountry "GER"]

1. d4 Nf6 2. c4 c5 3. d5 b5 4. cxb5 a6 5. e3 axb5 6. Bxb5 Qa5+ 7. Nc3 Bb7 8.
Bc4 e6 9. Qb3 Qb4 10. Qxb4 cxb4 11. Nb5 Na6 12. Nf3 Nxd5 13. O-O Rc8 14. Be2
Be7 15. e4 Nf6 16. e5 Nd5 17. Nd6+ Bxd6 18. exd6 Rc6 19. Bb5 Rxd6 20. Ne5 Nb8
21. Nc4 Ra6 22. Bxa6 Bxa6 23. b3 Bxc4 24. bxc4 Nb6 25. Rb1 Nc6 26. Bd2 O-O 27.
Bxb4 Ra8 28. a3 Nxc4 29. Rfd1 d5 30. Ra1 Ra4 31. Rdb1 f6 32. Bc5 Kf7 33. Rb7+
Kg6 34. Bf8 e5 35. Rxg7+ Kf5 36. Rxh7 d4 37. Rd7 e4 38. Rd5+ Ke6 39. Rc5 N6e5
40. Rc8 d3 41. Rd8 f5 42. Bh6 Nf7 43. Rg8 Nxh6 44. Rg6+ Ke5 45. Rxh6 d2 46. Rd1
Rxa3 47. Kf1 f4 48. Rc6 Kd4 49. Rxc4+ Kxc4 50. Rxd2 Ra1+ 51. Ke2 Rh1 52. g3 e3
53. fxe3 Rxh2+ 54. Ke1 fxg3 55. Rd4+ Kc3 56. Rg4 Rg2 57. Kf1 Rf2+ 1/2-1/2

[Event "OLNW 1920 Hamelner SV - HSK Lister Turm"]
[Site "?"]
[Date "2019.11.24"]
[Round "3.1"]
[White "Abel, Dennes"]
[Black "Bode, Wilfried"]
[Result "1/2-1/2"]
[WhiteElo "2465"]
[BlackElo "2342"]
[PlyCount "31"]
[EventDate "2019.??.??"]
[EventType "team-tourn"]

1. d4 d6 2. Nf3 Nf6 3. c4 g6 4. Nc3 Bf5 5. h3 Ne4 6. Nxe4 Bxe4 7. Ng5 Bf5 8. e4
Bd7 9. Be3 Bg7 10. Qd2 e5 11. dxe5 dxe5 12. O-O-O Qe7 13. c5 h6 14. Nf3 Nc6 15.
Bc4 O-O-O 16. Qc2 {(=)} 1/2-1/2

[Event "OLNW 1920 Hamelner SV - HSK Lister Turm"]
[Site "?"]
[Date "2019.11.24"]
[Round "3.2"]
[White "Tonndorf, Matthias"]
[Black "Nuesken, Nikolas"]
[Result "1/2-1/2"]
[WhiteElo "2201"]
[BlackElo "2328"]
[PlyCount "81"]
[EventDate "2019.??.??"]
[EventType "team-tourn"]

1. e4 e5 2. Nf3 Nc6 3. Bc4 Bc5 4. c3 Nf6 5. d3 O-O 6. Bg5 h6 7. Bh4 Be7 8. Nbd2
d6 9. a4 Nh5 10. Bg3 g6 11. a5 a6 12. Nf1 Kg7 13. h3 f5 14. exf5 Nxg3 15. Nxg3
d5 16. Bb3 Bxf5 17. Qe2 Qd6 18. O-O Rae8 19. Rfd1 Bf6 20. Ne4 Qd8 21. Nxf6 Rxf6
22. Nh2 Qd6 23. d4 e4 24. Nf1 Ne7 25. Ne3 Ref8 26. Rd2 c6 27. Qd1 Be6 28. Qc2
Qf4 29. c4 Nf5 30. Qc3 dxc4 31. Bxc4 Nxe3 32. fxe3 Qg3 33. d5 cxd5 34. Bxd5 Rc8
35. Qb3 Bxd5 36. Rxd5 Rc7 37. Rad1 Rcf7 38. Qc3 Kh7 39. Rd7 Rf2 40. Rxf7+ Rxf7
41. Rf1 1/2-1/2